| 000 | 00860nam a2200253Ia 4500 | ||
|---|---|---|---|
| 001 | 22009 | ||
| 005 | 20260320113333.0 | ||
| 008 | 260320s9999||||xx |||||||||||||| ||und|| | ||
| 020 | _a9788497047593 | ||
| 041 | _aESP | ||
| 082 |
_a770.28 _bP42 |
||
| 100 |
_aPeña Haro, Sandra, _eAUT |
||
| 245 | 0 |
_aLa conservación preventiva durante la exposición de fotografía _b |
|
| 246 |
_a _5 _b |
||
| 260 |
_aGijón : _bEdiciones Trea, _c2014 |
||
| 300 |
_a62 páginas : _bláminas, fotografías, tablas ; _c21 cm. _e |
||
| 440 |
_a(Conservación y restauración del patrimonio _n; número 10) _v |
||
| 650 | _aABD | ||
| 653 | _aFotografía - Exposición | ||
| 654 | _aCHU | ||
| 700 |
_a _c |
||
| 856 |
_uhttps://0u20fmxaw-y-https-research-ebsco-com.itmsp.museknowledge.com/c/qxo6us/search _zVéase además: Base de datos EBSCOhost |
||
| 942 |
_cLIB _dJUS _fMAT _2ddc _n |
||
| 999 |
_c22009 _d22009 |
||